|
|
|
|
| LEADER |
01337nam a2200433 4500 |
| 001 |
DLU090096730 |
| 005 |
##20091201 |
| 040 |
# |
# |
|a DLU
|b eng
|
| 041 |
# |
# |
|a eng
|
| 044 |
# |
# |
|a us
|
| 245 |
# |
# |
|a Characterization of soluble polymer supported organic compounds by LC/electrospray ionization MS toward a complete automation of the liquid-phase process in combinatorial chemistry /
|c C. Enjalbal ... [et al.].
|
| 653 |
# |
# |
|a Automation
|
| 653 |
# |
# |
|a Combinatorial chemistry
|
| 653 |
# |
# |
|a Electrospray
|
| 653 |
# |
# |
|a Ethylene oxide polymer
|
| 653 |
# |
# |
|a Liquid chromatography
|
| 653 |
# |
# |
|a Mass spectrometry
|
| 653 |
# |
# |
|a Organic compounds
|
| 653 |
# |
# |
|a Organic synthesis
|
| 700 |
# |
# |
|a Aubagnac, J.-L.
|
| 700 |
# |
# |
|a Enjalbal, C.
|
| 700 |
# |
# |
|a Lamaty, F.
|
| 700 |
# |
# |
|a Lazaro, R.
|
| 700 |
# |
# |
|a Martinez, J.
|
| 700 |
# |
# |
|a Ribiere, P.
|
| 700 |
# |
# |
|a Sanchez, P.
|
| 700 |
# |
# |
|a Suberchicot, E.
|
| 700 |
# |
# |
|a Varray, S.
|
| 700 |
# |
# |
|a Yadav-Bhatnagar, N.
|
| 773 |
# |
# |
|t Analytical Chemistry
|g Vol. 75, no. 2 (January 2003), p. 175-184
|
| 920 |
# |
# |
|a Phòng Tạp chí -- Trung tâm Thông tin - Thư viện Trường Đại học Đà Lạt
|
| 994 |
# |
# |
|a DLU
|
| 900 |
# |
# |
|a True
|
| 911 |
# |
# |
|a Trương Bảo Trâm Anh
|
| 925 |
# |
# |
|a G
|
| 926 |
# |
# |
|a A
|
| 927 |
# |
# |
|a BB
|
| 980 |
# |
# |
|a Thư viện Trường Đại học Đà Lạt
|